Statistics for Pokemon Types

Click here to take the quiz!

General Stats

  • This quiz has been taken 11 times
  • The average score is 16 of 18

Answer Stats

HintAnswer% Correct
PikachuElectric
100%
NumelFire
100%
CarnivineGrass
100%
DiglettGround
100%
MewtwoPsychic
100%
SquirtleWater
100%
PinsirBug
90%
UmbreonDark
90%
DragoniteDragon
90%
TyrogueFighting
90%
ZekromFlying
90%
GengarGhost
90%
GlaceonIce
90%
MetangSteel
90%
BlisseyNormal
80%
BeedrillPoison
80%
GolemRock
80%
CutieflyFairy
70%

Score Distribution

Percentile by Number Answered

Percent of People with Each Score

Your Score History

You have not taken this quiz